| 000 | 01326nam a22003497a 4500 | ||
|---|---|---|---|
| 001 | 0051645 | ||
| 003 | KOHA_MİRAKIL | ||
| 005 | 20260207003813.0 | ||
| 007 | ta | ||
| 008 | 150629b2014 tu a|||gr||||#||||0|tur | | ||
| 020 | _a9786051337258 | ||
| 040 |
_aTR-BiSEU _btur _cTR-BiSEU _erda |
||
| 041 | 0 | _atur | |
| 044 | _ctu | ||
| 050 |
_aJC319 _b.F55 2014 |
||
| 100 | 1 | _aFlint, Colin. | |
| 240 | 1 | 0 |
_apolitical geography : world-economy, nation-state, and locality _lTürkçe |
| 245 | 1 |
_aSiyasi coğrafya : _bdünya-ekonomisi, ulus-devlet ve yerellik = _bpolitical geography : _bworld-economy, nation-state, and locality/ _cColin Flint ; Colin Flint, Peter J. Taylor ; çeviren Fulya Ereker. |
|
| 250 | _a6. Basımdan çeviri | ||
| 264 | 1 |
_aAnkara : _bNobel _c2014 |
|
| 300 |
_aXIII, 338 sayfa, harita : _bresimli ; _c28 cm. |
||
| 336 |
_ametin _btxt _2rdacontent |
||
| 337 |
_aaracısız _bn _2rdamedia |
||
| 338 |
_acilt _bnc _2rdacarrier |
||
| 490 | 1 |
_aNobel yayın no ; _v822. |
|
| 490 | 1 |
_a Yönetim siyaseti ve uluslararası ilişkiler ; _v006. |
|
| 500 | _aKaynakça var.Dizin var. | ||
| 650 | 0 |
_aSiyasal coğrafya.Political geography.Jeopolitik.Geopolitics. _996207 |
|
| 830 | 1 |
_aNobel yayın no ; _v822. _91940 |
|
| 830 | 1 |
_a Yönetim siyaseti ve uluslararası ilişkiler ; _v006. _996208 |
|
| 942 |
_2lcc _cBK |
||
| 999 |
_c51465 _d51465 |
||